| 000 | 00439nam a2200157Ia 4500 | ||
|---|---|---|---|
| 003 | GCL | ||
| 008 | 140319s9999 xx 000 0 eng d | ||
| 040 |
_aGCL / _cGCL |
||
| 082 | 0 | 4 |
_aCH _b903 _bG C |
| 100 | 1 | _aGRANT, NEIL | |
| 245 | 1 | 0 |
_aCHILDREN'S CONCISE HISTORY ENCYCLOPEDIA / _cGRANT, NEIL |
| 260 |
_a[S.N] : _bWORLD INTERNATIONAL PUBLISHING ، _c1993 |
||
| 300 | _a160 | ||
| 650 | 0 | 4 | _aENCYCLOPEDIAS AND DICTIONARIES |
| 942 |
_2ddc _cBK |
||
| 999 |
_c17621 _d17621 |
||